La Importància de saber nedar = La Importancia de saber nadar : programa de promoció esportiva programa de promoció esportiva
Publicado:
[Barcelona] :
Diputació de Barcelona, Àrea d'Esports ; Esparreguera : Ajuntament d'Esparreguerra, Patronat Municipal d'Esports, [s.a.]
Descripción Física:
[8] p. ; 21 cm
Otros Autores:
Patronat Municipal d'Esports (Esparreguera)
Materias:
Natació -- Ensenyament
MARC
| LEADER | 00000nam a2200000Ia 4500 | ||
|---|---|---|---|
| 001 | 15162 | ||
| 008 | 160829s9999 xx 000 0 cat d | ||
| 080 | |a FU-35-4 | ||
| 245 | |a La Importància de saber nedar = La Importancia de saber nadar : |b programa de promoció esportiva | ||
| 260 | |a [Barcelona] : |b Diputació de Barcelona, Àrea d'Esports ; Esparreguera : |b Ajuntament d'Esparreguerra, Patronat Municipal d'Esports, [s.a.] | ||
| 300 | |a [8] p. ; |c 21 cm | ||
| 590 | |a Tercer títol paral·lel en àrab. | ||
| 590 | |a Avant-títol: L'esport no té fronteres. | ||
| 590 | |a Text trilingüe: català-castellà-àrab. | ||
| 590 | |a Conté: El vocabulari de les piscines | ||
| 650 | |a Natació |x Ensenyament |9 35733 | ||
| 700 | |a Patronat Municipal d'Esports (Esparreguera) |9 35735 | ||
| 710 | 1 | |a Esparreguera (Catalunya). |b Ajuntament |9 17163 | |
| 710 | |a Barcelona (Catalunya : Província). |b Àrea d'Esports |9 53827 | ||
| 901 | |a Arxiu | ||
| 942 | |n 1 | ||
| 952 | |0 0 |1 0 |4 0 |6 FU354 |7 1 |9 47044 |a Arxiu |b Arxiu |d 2016-12-01 |l 0 |o FU-35-4 |p 15162 |r 2016-12-01 00:00:00 |w 2016-12-01 |y ARXIU | ||
| 999 | |c 50837 |d 50837 | ||